Every UEFA Europa League Goalscorer 2022/23 - Statistics

General Stats
  • This quiz has been taken 69 times
    19 since last reset
  • The average score is 61 of 232
Answer Stats
Team Goals Nationalitity Player % Correct
ARSENAL 1 English Bukayo Saka
94%
ARSENAL 1 Swiss Granit Xhaka
94%
ARSENAL 1 Scottish Kieran Tierney
94%
AJAX 1 Ghanaian Mohammed Kudus
94%
ROMA 4 Argentinian Paulo Dybala
88%
BARCELONA 1 Polish Robert Lewandowski
88%
MANCHESTER UNITED 1 Portuguese Bruno Fernandes
81%
JUVENTUS 2 Serbian Dušan Vlahović
81%
ARSENAL 2 English Eddie Nketiah
81%
ARSENAL 1 Portuguese Fábio Vieira
81%
BAYER LEVERKUSEN 3 German Florian Wirtz
81%
MANCHESTER UNITED 6 English Marcus Rashford
81%
BAYER LEVERKUSEN 3 French Mousa Diaby
81%
JUVENTUS 4 Argentinian Ángel Di María
75%
MANCHESTER UNITED 2 Austrian Marcel Sabitzer
75%
MANCHESTER UNITED 1 Scottish Scott Mctominay
75%
ARSENAL 1 French William Saliba
75%
MONACO 4 French Wissam Ben Yedder
75%
SEVILLA 4 Moroccan Youssef En-Nesyri
75%
JUVENTUS 1 French Adrien Rabiot
69%
MANCHESTER UNITED 2 Portuguese Cristiano Ronaldo
69%
MANCHESTER UNITED 1 Portuguese Diogo Dalot
69%
FENERBAHÇE 3 Ecuadorian Enner Valencia
69%
BARCELONA 1 Brazilian Raphinha
69%
MANCHESTER UNITED 1 Argentinian Alejandro Garnacho
63%
REAL SOCIEDAD 2 Norwegian Alexander Sørloth
63%
MANCHESTER UNITED 2 Brazilian Antony
63%
PSV EINDHOVEN 2 Dutch Cody Gakpo
63%
MONACO 3 German Kevin Volland
63%
LAZIO 1 Spanish Luis Alberto
63%
REAL BETIS 2 French Nabil Fekir
63%
PSV EINDHOVEN 1 Dutch Xavi Simons
63%
LAZIO 1 Italian Ciro Immobile
56%
BAYER LEVERKUSEN 1 Burkinabe Edmond Tapsoba
56%
MIDTJYLLAND 1 Uruguayan Emiliano Martínez
56%
JUVENTUS 1 Italian Federico Chiesa
56%
BAYER LEVERKUSEN 1 Dutch Jeremie Frimpong
56%
ROMA 4 Italian Lorenzo Pellegrini
56%
FEYENOORD 3 Turkish Orkun Kökçü
56%
ROMA 1 English Tammy Abraham
56%
FREIBURG 2 Italian Vincenzo Grifo
56%
MANCHESTER UNITED 1 French Anthony Martial
50%
SEVILLA 1 Argentinian Erik Lamela
50%
BAYER LEVERKUSEN 1 Argentinian Exequiel Palacios
50%
FENERBAHÇE 1 Italian João Pedro
50%
PSV EINDHOVEN 2 Dutch Luuk De Jong
50%
SPORTING CP 1 English Marcus Edwards
50%
TRABZONSPOR 1 Uruguayan Maxi Gómez
50%
FENERBAHÇE 3 Belgian Michy Batshuayi
50%
SEVILLA 1 Serbian Nemanja Gudelj
50%
LAZIO 2 Spanish Pedro Rodríguez
50%
ARSENAL 1 English Rob Holding
50%
LAZIO 1 Serbian Sergej Milinković-Savić
50%
MANCHESTER UNITED 1 Dutch Wout Weghorst
50%
STADE RENNAIS 2 French Amine Gouiri
44%
REAL SOCIEDAD 1 Spanish David Silva
44%
LAZIO 1 Brazilian Felipe Anderson
44%
MANCHESTER UNITED 1 Brazilian Fred
44%
REAL BETIS 1 Argentinian Guido Rodríguez
44%
PSV EINDHOVEN 1 Ivorian Ibrahima Sangaré
44%
MANCHESTER UNITED 1 English Jadon Sancho
44%
ROMA 1 Italian Leonardo Spinazzola
44%
ARSENAL 1 Brazilian Marquinhos Oliveira
44%
SPORTING CP 3 Portuguese Pedro Gonçalves
44%
ROMA 2 Italian Stephen El Shaarawy
44%
ROMA 3 Italian Andrea Belotti
38%
FENERBAHÇE 1 Turkish Arda Güler
38%
MONACO 2 Swiss Breel Embolo
38%
OMONIA NICOSIA 1 Brazilian Bruno Da Silva
38%
PSV EINDHOVEN 1 Portuguese Fábio Silva
38%
JUVENTUS 2 Italian Federico Gatti
38%
STADE RENNAIS 1 Croatian Lovro Majer
38%
SEVILLA 1 Argentinian Lucas Ocampos
38%
BARCELONA 1 Spanish Marcos Alonso
38%
STADE RENNAIS 3 French Martin Terrier
38%
BAYER LEVERKUSEN 1 Dutch Mitchell Bakker
38%
FEYENOORD 5 Mexican Santiago Giménez
38%
SPORTING CP 2 Uruguayan Sebastián Coates
38%
TRABZONSPOR 2 Egyptian Trezeguet
38%
BAYER LEVERKUSEN 1 Czech Adam Hložek
31%
REAL SOCIEDAD 2 Spanish Brais Méndez
31%
ROMA 1 Uzbek Eldor Shomurodov
31%
FENERBAHÇE 1 Turkish Emre Mor
31%
SEVILLA 1 Spanish Joan Jordán
31%
SEVILLA 1 French Loïc Badé
31%
REAL BETIS 2 Brazilian Luiz Henrique
31%
ROMA 1 Albanian Marash Kumbulla
31%
LAZIO 2 Uruguayan Matías Vecino
31%
BRAGA 2 Portuguese Ricardo Horta
31%
UNION SAINT-GILLOISE 6 Nigerian Victor Boniface
31%
OLYMPIACOS 1 Moroccan Youssef El-Arabi
31%
FERENCVÁROS 1 Malian Adama Traoré
25%
FEYENOORD 3 Iranian Alireza Jahanbakhsh
25%
BAYER LEVERKUSEN 2 French Amine Adli
25%
MONACO 2 French Axel Disasi
25%
ROMA 1 Italian Edoardo Bove
25%
STADE RENNAIS 2 Cameroonian Karl Toko Ekambi
25%
BAYER LEVERKUSEN 1 German Kerem Demirbay
25%
MONACO 1 Senegalese Krépin Diatta
25%
NANTES 3 French Ludovic Blas
25%
TRABZONSPOR 1 Slovakian Marek Hamšík
25%
FENERBAHÇE 1 Slovenian Miha Zajc
25%
NANTES 2 Egyptian Mostafa Mohamed
25%
ROMA 1 Italian Nicolò Zaniolo
25%
FREIBURG 1 Japanese Ritsu Doan
25%
UNION BERLIN 1 Surinamese Sheraldo Becker
25%
BRAGA 1 Spanish Abel Ruiz
19%
TRABZONSPOR 3 Greek Anastasios Bakasetas
19%
TRABZONSPOR 1 North Macedonian Enis Bardhi
19%
SPORTING CP 1 Portuguese Gonçalo Inácio
19%
FENERBAHÇE 1 Brazilian Gustavo Henrique
19%
FENERBAHÇE 1 Turkish İrfan Kahveci
19%
REAL BETIS 1 Spanish Joaquín Sánchez
19%
PSV EINDHOVEN 1 Belgian Johan Bakayoko
19%
FREIBURG 2 Austrian Michael Gregoritsch
19%
SHERIFF TIRASPOL 1 Senegalese Mouhamed Diop
19%
DYNAMO KYIV 2 Ukrainian Viktor Tsygankov
19%
TRABZONSPOR 1 Brazilian Vitor Hugo
19%
FENERBAHÇE 1 Brazilian Willian Arão
19%
REAL BETIS 2 Brazilian Willian José
19%
BODØ/GLIMT 1 Norwegian Amahl Pellegrino
13%
REAL SOCIEDAD 1 Spanish Aritz Elustondo
13%
STADE RENNAIS 1 Belgian Arthur Theate
13%
UNION BERLIN 1 Dutch Danilho Doekhi
13%
FEYENOORD 2 Brazilian Danilo Pereira
13%
PSV EINDHOVEN 1 Mexican Erick Gutiérrez
13%
FEYENOORD 1 Brazilian Igor Paixão
13%
UNION BERLIN 2 Croatian Josip Juranović
13%
LUDOGORETS 1 Bulgarian Kiril Despodov
13%
STADE RENNAIS 1 French Lorenz Assignon
13%
FREIBURG 1 German Nils Petersen
13%
LUDOGORETS 3 Brazilian Rick Lima
13%
REAL BETIS 2 Spanish Sergio Canales
13%
UNION SAINT-GILLOISE 3 Maltese Teddy Teuma
13%
TRABZONSPOR 1 Turkish Umut Bozok
13%
BRAGA 4 Portuguese Vitinha
13%
REAL BETIS 2 Spanish Aitor Ruibal
6%
BODØ/GLIMT 1 Norwegian Albert Grønbæk
6%
CRVENA ZVEZDA 2 Serbian Aleksandar Katai
6%
SHAKHTAR DONETSK 1 Ukrainian Artem Bondarenko
6%
REAL BETIS 1 Spanish Ayoze Pérez
6%
FERENCVÁROS 1 Hungarian Balint Vécsei
6%
BRAGA 1 Portuguese Bruno Rodrigues
6%
UNION SAINT-GILLOISE 1 English Christian Burgess
6%
STADE RENNAIS 1 Cameroonian Christopher Wooh
6%
FREIBURG 1 Ghanaian Daniel-Kofi Kyereh
6%
FEYENOORD 2 Slovakian Dávid Hancko
6%
DYNAMO KYIV 2 Ukrainian Denys Garmash
6%
STADE RENNAIS 1 French Désire Doué
6%
REAL SOCIEDAD 1 Spanish Diego Rico
6%
MIDTJYLLAND 1 Egyptian Emam Ashour
6%
MIDTJYLLAND 2 Danish Erik Sviatchenko
6%
MIDTJYLLAND 1 Brazilian Evander
6%
NANTES 1 French Evann Guessand
6%
FEYENOORD 1 Argentinian Ezequiel Bullaude
6%
CRVENA ZVEZDA 3 Gabonese Guélor Kanga
6%
UNION SAINT-GILLOISE 1 Swedish Gustaf Nilsson
6%
MIDTJYLLAND 2 Danish Gustav Isaksen
6%
BODØ/GLIMT 1 Norwegian Hugo Vetlesen
6%
STADE RENNAIS 1 Moroccan Ibrahim Salah
6%
NANTES 1 Cameroonian Ignatius Ganago
6%
MALMÖ 1 Swedish Isaac Kiese Thelin
6%
FREIBURG 1 Korean Jeong Woo-Yeong
6%
PSV EINDHOVEN 3 Dutch Joey Veerman
6%
OMONIA NICOSIA 1 Iranian Karim Ansarifard
6%
SHAKHTAR DONETSK 1 Venezuelan Kevin Kelsy
6%
FERENCVÁROS 3 Norwegian Kristoffer Zachariassen
6%
UNION SAINT-GILLOISE 2 Ivorian Lazare Amani
6%
UNION SAINT-GILLOISE 1 Malagasy Loïc Lapoussin
6%
FREIBURG 2 German Lukas Kübler
6%
FEYENOORD 1 Dutch Mats Wieffer
6%
SALZBURG 1 Argentinian Nicolás Capaldo
6%
AEK LARNACA 1 Spanish Oier Sanjurjo
6%
AEK LARNACA 2 Israeli Omri Altman
6%
FEYENOORD 3 Moroccan Oussama Idrissi
6%
MIDTJYLLAND 1 Brazilian Paulinho
6%
SPORTING CP 1 Portuguese Paulinho
6%
HJK HELSINKI 2 Finnish Përparim Hetemaj
6%
FEYENOORD 1 Dutch Quinten Timber
6%
AEK LARNACA 2 Portuguese Rafael Lopes
6%
UNION BERLIN 4 German Robin Knoche
6%
UNION SAINT-GILLOISE 1 English Ross Sykes
6%
FERENCVÁROS 1 Moroccan Sammy Mmaee
6%
FEYENOORD 1 Polish Sebastian Szymanski
6%
UNION SAINT-GILLOISE 1 Belgian Senne Lynen
6%
MIDTJYLLAND 1 Guinean Sory Kaba
6%
CRVENA ZVEZDA 2 Serbian Stefan Mitrović
6%
UNION BERLIN 3 German Sven Michel
6%
FERENCVÁROS 2 Norwegian Tokmac Nguen
6%
PSV EINDHOVEN 2 Belgian Yorbe Vertessen
6%
UNION SAINT-GILLOISE 1 Belgian Yorbe Vertessen
6%
QARABAĞ 1 French Abdellah Zoubir
0%
AEK LARNACA 1 Hungarian Ádám Gyurcsó
0%
CRVENA ZVEZDA 1 Serbian Aleksandar Pešić
0%
BRAGA 1 Spanish Álvaro Djaló
0%
REAL SOCIEDAD 1 Spanish Ander Guevara
0%
MIDTJYLLAND 2 Danish Anders Dreyer
0%
ZÜRICH 1 Swiss Antonio Marchesano
0%
PSV EINDHOVEN 1 Dutch Anwar El Ghazi
0%
UNION SAINT-GILLOISE 1 Finnish Casper Terho
0%
LUDOGORETS 1 Brazilian Cauly Oliveira
0%
UNION SAINT-GILLOISE 1 Belgian Dante Vanzeir
0%
LUDOGORETS 1 Israeli Denny Gropper
0%
SHAKHTAR DONETSK 1 Ukrainian Dmitro Kryskiv
0%
ZÜRICH 1 Kosovan Donis Avdijaj
0%
STURM GRAZ 1 Dutch Emanuel Emegha
0%
QARABAĞ 1 Azeri Filip Ozobić
0%
LUDOGORETS 1 Brazilian Gustavo Nonato
0%
AEK LARNACA 1 North Macedonian Ivan Tričkovski
0%
SHERIFF TIRASPOL 1 Nigerian Iyayi Atiemwen
0%
ZÜRICH 1 Congolese Jonathan Okita
0%
MALMÖ 1 Swedish Joseph Ceesay
0%
MIDTJYLLAND 1 Brazilian Juninho
0%
QARABAĞ 1 Montenegrin Marko Janković
0%
QARABAĞ 2 Montenegrin Marko Vešović
0%
LUDOGORETS 1 Argentinian Matías Tissera
0%
STADE RENNAIS 1 French Matthis Abline
0%
ZÜRICH 1 Kosovan Mirlind Kryeziu
0%
FREIBURG 1 German Nicolas Höfler
0%
ZÜRICH 1 Serbian Nikola Boranijašević
0%
OMONIA NICOSIA 1 Cypriot Nikolas Panagiotou
0%
BODØ/GLIMT 1 Slovenian Nino Žugelj
0%
STURM GRAZ 1 Georgian Otar Kiteishvili
0%
QARABAĞ 3 Ghanaian Owusu Kwabena
0%
MALMÖ 1 Kosovan Patriot Sejdiu
0%
QARABAĞ 1 Azeri Ramil Sheydaev
0%
SHERIFF TIRASPOL 2 Nigerian Rasheed Akanbi
0%
REAL SOCIEDAD 2 Spanish Robert Navarro
0%
CRVENA ZVEZDA 1 Serbian Veljko Nikolić
0%
DYNAMO KYIV 1 Ukrainian Vladyslav Vanat
0%
STURM GRAZ 1 Danish William Boving
0%
SHAKHTAR DONETSK 1 Ukrainian Yaroslav Rakitskiy
0%
No matching quizzes found
Score Distribution
Percent of People with Each Score
Percentile by Number Answered
Your Score History
You have not taken this quiz since the last reset